<?xml version="1.0" encoding="UTF-8"?>
<record
    xmlns:xsi="http://www.w3.org/2001/XMLSchema-instance"
    xsi:schemaLocation="http://www.loc.gov/MARC21/slim http://www.loc.gov/standards/marcxml/schema/MARC21slim.xsd"
    xmlns="http://www.loc.gov/MARC21/slim">

  <leader>02692nam a22004337a 4500</leader>
  <controlfield tag="003">BO-EaUP</controlfield>
  <controlfield tag="005">20260505112010.0</controlfield>
  <controlfield tag="008">260505b2023    ck |||||r|||| 00| 0 spasd</controlfield>
  <datafield tag="020" ind1=" " ind2=" ">
    <subfield code="a">978-958-503-619-2</subfield>
  </datafield>
  <datafield tag="040" ind1=" " ind2=" ">
    <subfield code="a">BO-EaUP</subfield>
    <subfield code="c">Biblioadmiempresas</subfield>
    <subfield code="e">RDA</subfield>
    <subfield code="b">spa</subfield>
  </datafield>
  <datafield tag="041" ind1=" " ind2=" ">
    <subfield code="a">spa</subfield>
    <subfield code="h">spa</subfield>
  </datafield>
  <datafield tag="043" ind1=" " ind2=" ">
    <subfield code="a">s-ck</subfield>
  </datafield>
  <datafield tag="082" ind1=" " ind2=" ">
    <subfield code="2">21</subfield>
    <subfield code="a">388.044</subfield>
  </datafield>
  <datafield tag="092" ind1=" " ind2=" ">
    <subfield code="a">388.044</subfield>
    <subfield code="e">LOG&#xCD;STICA</subfield>
    <subfield code="S">M8271g.2</subfield>
  </datafield>
  <datafield tag="100" ind1=" " ind2=" ">
    <subfield code="a">Mora Garc&#xED;a, Lu&#xED;s Anibal</subfield>
    <subfield code="e">Autor</subfield>
    <subfield code="9">55</subfield>
    <subfield code="d">1963-</subfield>
  </datafield>
  <datafield tag="245" ind1="1" ind2="0">
    <subfield code="a">Log&#xED;stica del trasporte y distribuci&#xF3;n de carga /</subfield>
    <subfield code="c">Lu&#xED;s Mora G.</subfield>
  </datafield>
  <datafield tag="250" ind1=" " ind2=" ">
    <subfield code="a">Segunda edici&#xF3;n</subfield>
  </datafield>
  <datafield tag="260" ind1=" " ind2=" ">
    <subfield code="a">Bogot&#xE1; :</subfield>
    <subfield code="b">Ecoe Ediciones, </subfield>
    <subfield code="c">2023</subfield>
  </datafield>
  <datafield tag="300" ind1=" " ind2=" ">
    <subfield code="a">xxviii, 248 p&#xE1;ginas ;</subfield>
    <subfield code="b">Ilustraciones (blanco y negro), tablas, gr&#xE1;ficos, figuras ; Tapa blanda ;</subfield>
    <subfield code="c">17 x 24 cent&#xED;metros ; </subfield>
    <subfield code="f">impreso </subfield>
  </datafield>
  <datafield tag="336" ind1=" " ind2=" ">
    <subfield code="2">rdacontent</subfield>
    <subfield code="a">texto</subfield>
    <subfield code="b">txt</subfield>
  </datafield>
  <datafield tag="337" ind1=" " ind2=" ">
    <subfield code="2">rdamedia</subfield>
    <subfield code="a">no mediado</subfield>
    <subfield code="b">n</subfield>
  </datafield>
  <datafield tag="338" ind1=" " ind2=" ">
    <subfield code="2">rdacarrier</subfield>
    <subfield code="a">volumen</subfield>
    <subfield code="b">nc</subfield>
  </datafield>
  <datafield tag="505" ind1="2" ind2=" ">
    <subfield code="a">Cap&#xED;tulo 1. Marco competitivo del transporte.- </subfield>
  </datafield>
  <datafield tag="505" ind1="2" ind2=" ">
    <subfield code="a">Cap&#xED;tulo 2. Sistema Internacional del transporte de carga.-</subfield>
  </datafield>
  <datafield tag="505" ind1="2" ind2=" ">
    <subfield code="a">Cap&#xED;tulo 3. Gesti&#xF3;n de los costos, fletes, seguros e indicadores.-</subfield>
  </datafield>
  <datafield tag="505" ind1="2" ind2=" ">
    <subfield code="a">Cap&#xED;tulo 4. Operaciones de optimizaci&#xF3;n de transporte y distribuci&#xF3;n.-</subfield>
  </datafield>
  <datafield tag="505" ind1="2" ind2=" ">
    <subfield code="a">Cap&#xED;tulo 5. Sistemas de empaques y embalajes en el transporte.- </subfield>
  </datafield>
  <datafield tag="505" ind1="2" ind2=" ">
    <subfield code="a">Cap&#xED;tulo 6. Operadores log&#xED;sticos de mercanc&#xED;a 3PL y 4PL.-</subfield>
  </datafield>
  <datafield tag="505" ind1="2" ind2=" ">
    <subfield code="a">Cap&#xED;tulo 7. Sistemas, tecnolog&#xED;a y tendencias del transporte de carga.-</subfield>
  </datafield>
  <datafield tag="505" ind1="2" ind2=" ">
    <subfield code="a">Cap&#xED;tulo 8. Transporte inteligente (Smart Transportation) herramientas tecnol&#xF3;gicas de innovaci&#xF3;n aplicadas al transporte de carga terrestre.--</subfield>
  </datafield>
  <datafield tag="520" ind1=" " ind2=" ">
    <subfield code="a">Log&#xED;stica del transporte y distribuci&#xF3;n analiza la evoluci&#xF3;n del transporte hacia la operaci&#xF3;n log&#xED;stica integral orientada a ofrecer un servicio &#xF3;ptimo en el manejo de carga acorde con las necesidades del mercado y presenta las mejores pr&#xE1;cticas y herramientas de optimizaci&#xF3;n operativa y tecnol&#xF3;gica a las empresas y operadores log&#xED;sticos del mercado en Latinoam&#xE9;rica. En su segunda edici&#xF3;n, se enfoca en mostrar y presentar la evoluci&#xF3;n del transporte de carga hacia la hacia la distribuci&#xF3;n 4.0 en el marco de la revoluci&#xF3;n tecnol&#xF3;gica y digital del mercado.

</subfield>
  </datafield>
  <datafield tag="521" ind1=" " ind2=" ">
    <subfield code="a">Dirigido a estudiantes t&#xE9;cnicos, tecn&#xF3;logos, de pregrado, posgrados y maestr&#xED;as de log&#xED;stica y profesionales involucrados en el tema de la gesti&#xF3;n log&#xED;stica del transporte y distribuci&#xF3;n de mercanc&#xED;as y las entregas de home delivery.</subfield>
  </datafield>
  <datafield tag="650" ind1=" " ind2=" ">
    <subfield code="a">LOG&#xCD;STICA EMPRESARIAL</subfield>
    <subfield code="9">195</subfield>
  </datafield>
  <datafield tag="650" ind1=" " ind2=" ">
    <subfield code="a">OPERACIONES Y PROYECTOS</subfield>
    <subfield code="9">5926</subfield>
  </datafield>
  <datafield tag="653" ind1=" " ind2=" ">
    <subfield code="a">TRANSPORTE DE CARGA</subfield>
  </datafield>
  <datafield tag="653" ind1=" " ind2=" ">
    <subfield code="a">TRANSPORTE DE MERCANC&#xCD;AS</subfield>
  </datafield>
  <datafield tag="653" ind1=" " ind2=" ">
    <subfield code="a">LOG&#xCD;STICA EN LOS NEGOCIOS</subfield>
  </datafield>
  <datafield tag="942" ind1=" " ind2=" ">
    <subfield code="2">ddc</subfield>
    <subfield code="c">BK</subfield>
    <subfield code="n">0</subfield>
    <subfield code="e">21</subfield>
  </datafield>
  <datafield tag="999" ind1=" " ind2=" ">
    <subfield code="c">5515</subfield>
    <subfield code="d">5515</subfield>
  </datafield>
  <datafield tag="952" ind1=" " ind2=" ">
    <subfield code="0">0</subfield>
    <subfield code="1">0</subfield>
    <subfield code="2">ddc</subfield>
    <subfield code="4">0</subfield>
    <subfield code="7">0</subfield>
    <subfield code="8">LOE</subfield>
    <subfield code="a">BEAE</subfield>
    <subfield code="b">BEAE</subfield>
    <subfield code="c">AF</subfield>
    <subfield code="d">2026-05-05</subfield>
    <subfield code="e">Compra</subfield>
    <subfield code="i">HBAEOA06-0592</subfield>
    <subfield code="l">0</subfield>
    <subfield code="o">388.044/M8271L.2</subfield>
    <subfield code="p">388.044/M8271L.2</subfield>
    <subfield code="r">2026-05-05 11:17:00</subfield>
    <subfield code="t">1</subfield>
    <subfield code="y">BK</subfield>
  </datafield>
</record>
